000 00897nam a2200265Ia 4500
003 OSt
005 20220923211133.0
006 a|||||r|||| 00| 0
007 ta
008 220922b |||||||| |||| 00| 0 hin d
020 _a818546989X (hbk)
_c60
024 _a235,533
037 _b417, 28/02/2008, University Book House
_cTextual
040 _aARTS
_cARTS
_bhin
041 _2hin
_ahin
082 _aO152,1N3523x, N7
100 _aआग्नेय
_9158629
245 0 _aलौटता हूॅं उस तक
246 _aLauṭatā hūॅan us taka
260 _aपंचकूला
_b आाधार प्रकाशन
_c1997
300 _a96पृ.
_ccm.
650 _aहिन्दी साहित्य
_9156264
942 _hO152,1N3523x, N7
_cTEXL
_2CC
999 _c295804
_d295804